snakehead fish pasth processing at phat sandi village, phat sandai commune, kampong svay district ,kampong thom province,បច្ចេកទេសធ្វើប្រហុកសាច់ត្រីរ៉ស់នៅភូមិផាត់សណ្តាយឃុំផាត់សណ្តាយ ស្រុកកំពង់ស្វាយ ខេត្តកំពង់ធំ (Record no. 19250)

000 -LEADER
fixed length control field 00763nam a22001337a 4500
040 ## - CATALOGING SOURCE
Transcribing agency RUA
082 ## - DEWEY DECIMAL CLASSIFICATION NUMBER
Classification number FIS BRO 2016 B462 Or.1
100 ## - MAIN ENTRY--AUTHOR NAME
Personal name BRON MADY,ប្រន ម៉ាឌី
245 ## - TITLE STATEMENT
Title snakehead fish pasth processing at phat sandi village, phat sandai commune, kampong svay district ,kampong thom province,បច្ចេកទេសធ្វើប្រហុកសាច់ត្រីរ៉ស់នៅភូមិផាត់សណ្តាយឃុំផាត់សណ្តាយ ស្រុកកំពង់ស្វាយ ខេត្តកំពង់ធំ
260 ## - PUBLICATION, DISTRIBUTION, ETC. (IMPRINT)
Place of publication RUA
Name of publisher phnom penh
Year of publication RUA
300 ## - PHYSICAL DESCRIPTION
Number of Pages xi;42p;
Other physical details ill;
Dimensions 29cm;
856 ## - ELECTRONIC LOCATION AND ACCESS
Uniform Resource Identifier https://drive.google.com/file/d/1ZeTElnmutdgL0v5YBX4Yyeh5zUsVNAK-/view?usp=sharing
942 ## - ADDED ENTRY ELEMENTS (KOHA)
Koha item type FIS
952 ## - LOCATION AND ITEM INFORMATION (KOHA)
Withdrawn status [LOCAL, KOHA] 0
952 ## - LOCATION AND ITEM INFORMATION (KOHA)
Withdrawn status [LOCAL, KOHA] 0
952 ## - LOCATION AND ITEM INFORMATION (KOHA)
Withdrawn status [LOCAL, KOHA] 0
952 ## - LOCATION AND ITEM INFORMATION (KOHA)
Withdrawn status [LOCAL, KOHA] 0
952 ## - LOCATION AND ITEM INFORMATION (KOHA)
Withdrawn status [LOCAL, KOHA] 0
952 ## - LOCATION AND ITEM INFORMATION (KOHA)
Withdrawn status [LOCAL, KOHA] 0
Holdings
Permanent Location Date acquired Koha item type Lost status Shelving location Barcode Current Location Full call number
Library Block B2020-07-21FIS B462A44228Library Block BFIS BRO 2016 B462 Or.1
Library Block B2020-07-21FIS B462A44689Library Block BFIS BRO 2016 B462 Or.2
Library Block B2020-07-21FIS B462A44785Library Block BFIS BRO 2016 B462 Or.3
Library Block B2020-07-21FIS B462A44528Library Block BFIS BRO 2016 B462 Or.4
Library Block B2020-07-21FIS B462A44764Library Block BFIS BRO 2016 B462 Or.5
Library Block B2020-07-21FIS B462A44824Library Block BFIS BRO 2016 B462 Or.6
មជ្ឈមណ្ឌលឯការនៃសាកលវិទ្យាល័យភូមិន្ទកសិកម្មចំការដូង

Powered by Koha